Statistics for SZA - I Hate U (All Lyrics)

Click here to take the quiz!

General Stats

  • This quiz has been taken 36 times
  • The average score is 247 of 341

Answer Stats

Answer% Correct
I
100%
(I
100%
me
100%
me?
100%
n****s,
100%
you,
100%
you
100%
you)
100%
do)
96%
do
96%
fuck
96%
(fuck
96%
hate
96%
like
96%
What
96%
what
96%
and
92%
And
92%
feel
88%
if
88%
make
88%
of
88%
this
88%
to
88%
be
83%
just
83%
no
83%
(no)
83%
so
79%
would
79%
can
75%
come
75%
Shitty
75%
been
71%
in
71%
ordinary,
71%
the
71%
when
71%
around
67%
baby
67%
bored
67%
it
67%
Lost,
67%
Lost
67%
my
67%
us
67%
was
67%
lie
63%
myself,
63%
out
63%
out?
63%
sick
63%
up,
63%
up
63%
contradicting
58%
on
58%
we
58%
with
58%
your
58%
'bout
54%
Heavy
54%
missin'
54%
y'all
54%
different
50%
findin'
50%
I've
50%
reminiscin'
50%
than
50%
Treat
50%
wear
50%
wondered
50%
ain't
46%
I'm
46%
reminiscin'
46%
Used
46%
Wish
46%
can't
42%
whereabouts
42%
yeah)
42%
rub
38%
'til
38%
ambushed
33%
Arguments,
33%
corduroy,
33%
here
33%
here,
33%
keep
33%
mishandle
33%
(oh
33%
positions?
33%
switch
33%
Trippin'
33%
air
29%
borin',
29%
Boy,
29%
conflict
29%
gettin'
29%
habit,
29%
know
29%
Missionary
29%
rider,
29%
scrambled
29%
that
29%
'cept
25%
don't
25%
nonviolent
25%
Now
25%
plug
25%
shake
25%
silent
25%
ever
21%
permission
21%
soul,
21%
treatment,
21%
want
21%
Hard
17%
listen,
17%
save
17%
static
17%
wildin'
17%
mean
13%
solid
13%
too
13%

Score Distribution

Percentile by Number Answered

Percent of People with Each Score

Your Score History

You have not taken this quiz